The country where Germans fled after WW2 - Statistics

General Stats
  • This quiz has been taken 43 times
  • The average score is 20 of 35
Answer Stats
Answer % Correct
Argentina
93%
Brazil
86%
Canada
81%
Italy
79%
France
76%
Uk
76%
Poland
71%
Spain
71%
Austria
69%
Chile
69%
Denmark
67%
Sweden
67%
Greece
64%
Mexico
64%
Norway
64%
Portugal
64%
Switzerland
64%
Turkey
62%
Hungary
57%
Netherlands
57%
Belgium
55%
Egypt
55%
Ireland
50%
Romania
50%
Soviet union
50%
Bulgaria
48%
Iceland
48%
Iran
43%
Iraq
40%
Yugoslavia
40%
Germany
38%
South Africa
38%
Czechoslovakia
31%
Syria
31%
Cuba
29%
No matching quizzes found
Score Distribution
Percent of People with Each Score
Percentile by Number Answered
Your Score History
You have not taken this quiz